000 00592nam a22001937a 4500
999 _c157569
_d157569
005 20180919121254.0
010 _aENG-123997
020 _a9789386296665
_c950.00
035 _aEN-107529
037 _bDBAD/PUB
082 _a335.4119
100 _aCrehan, Kate
245 _aGramsci's common sense:
_cby Kate Crehan
_binequality and its narratives /
260 _aHyderabad
_bOrient BlackSwan Pvt. Ltd.
_c2017
270 _bHyderabad
_e500029
_a3-6-752 Himayatnagar,
300 _axvi,222p
_c22cm.(Hb)
500 _aIt includes index
942 _2ddc
_cEN
_h335.4119
_mCRE